Derechos de los consumidores y usuarios de servicios financieros guía práctica
Guardado en:
| Autor principal: | |
|---|---|
| Otros Autores: | |
| Formato: | Libro |
| Lenguaje: | español |
| Publicado: |
[S.l.]
Ediciones Experiencia
2013
|
| Materias: | |
| Etiquetas: |
Sin Etiquetas, Sea el primero en etiquetar este registro!
|
MARC
| LEADER | 00000nam a2200000 4500 | ||
|---|---|---|---|
| 001 | 0177168 | ||
| 005 | 20240311131203.0 | ||
| 020 | |a 978-84-15179-74-0 | ||
| 041 | 0 | |a spa | |
| 044 | |a ES | ||
| 245 | 1 | 0 | |a Derechos de los consumidores y usuarios de servicios financieros |b guía práctica |c José María Aznar Martín, Ángel Luis Vázquez Torres |
| 264 | 1 | |a [S.l.] |b Ediciones Experiencia |c 2013 | |
| 300 | |a 363 s. | ||
| 610 | 2 | 0 | |a financie |
| 610 | 2 | 0 | |a politika finančná |
| 610 | 2 | 0 | |a banky |
| 610 | 2 | 0 | |a služby finančné |
| 610 | 2 | 0 | |a spotrebitelia |
| 610 | 2 | 0 | |a inštitúcie finančné |
| 610 | 2 | 0 | |a produkty |
| 610 | 2 | 0 | |a trh finančný |
| 610 | 2 | 0 | |a reklamácie |
| 610 | 2 | 0 | |a legislatíva |
| 610 | 2 | 0 | |a spory súdne |
| 610 | 2 | 0 | |a Španielsko |
| 100 | 1 | |a Martín, José María Aznar | |
| 700 | 1 | |a Torres, Ángel Luis Vázquez | |